000 00804nam a2200205 i 4500
001 165287
003 ES-MaACL
005 20250831062448.0
008 050906q1852 xxu |||| | spa d
040 _aCAM
_bspa
_cCAM
100 1 _aSeymour, M.H.
_9132699
245 1 0 _aNoches con los romanistas
_b: con un capítulo preliminar sobre los resultados morales del sistema romano /
_cpor M.H. Seymour ; obra traducida del inglés y compendiada por H.B. Pratt.
260 _aNueva York :
_bSociedad Americana de Tratados,
_c[ca. 1852]
300 _a396 p. ;
_c19 cm.
610 2 7 _aIglesia Católica-
_xDoctrinas
_2
_9151420
700 1 _aPratt, H.B.
_9131346
852 _aES-MaACL
_jC-1384
_z- Enc. tela
_z. - Legado de Modesto de la Fuente
999 _c165287
_d165287